| 000 | 00337nam a2200133Ia 4500 | ||
|---|---|---|---|
| 008 | 230917s9999||||xx |||||||||||||| ||und|| | ||
| 040 |
_e128712 _aMAIN |
||
| 041 | _aEnglish | ||
| 082 | _a338.110954 G41L | ||
| 100 | _aGill, Sucha Singh | ||
| 245 | 0 | _aLand reforms in India; v6 | |
| 260 |
_aDelhi _bSage Publications _c2001 |
||
| 942 | _cBK | ||
| 999 |
_c116622 _d116622 |
||